Kathakaliyude Rangapata Charithram (Record no. 125252)
[ view plain ]
| 000 -LEADER | |
|---|---|
| fixed length control field | 00524nam a2200181Ia 4500 |
| 003 - CONTROL NUMBER IDENTIFIER | |
| control field | OSt |
| 005 - DATE AND TIME OF LATEST TRANSACTION | |
| control field | 20250929110507.0 |
| 008 - FIXED-LENGTH DATA ELEMENTS--GENERAL INFORMATION | |
| fixed length control field | 211122s9999||||xx |||||||||||||| ||und|| |
| 020 ## - INTERNATIONAL STANDARD BOOK NUMBER | |
| International Standard Book Number | 978-81-8265-591-1 |
| 040 ## - CATALOGING SOURCE | |
| Transcribing agency | SBCL |
| 082 ## - DEWEY DECIMAL CLASSIFICATION NUMBER | |
| Classification number | 793.31 |
| Item number | VAS-K |
| 100 ## - MAIN ENTRY--PERSONAL NAME | |
| Personal name | Vasudevan Namboodirippad, Killimangalam |
| 245 #0 - TITLE STATEMENT | |
| Title | Kathakaliyude Rangapata Charithram |
| 260 ## - PUBLICATION, DISTRIBUTION, ETC. | |
| Name of publisher, distributor, etc. | Mathrubhumi Books |
| Place of publication, distribution, etc. | Kozhikode |
| 300 ## - PHYSICAL DESCRIPTION | |
| Extent | 278p. |
| 650 ## - SUBJECT ADDED ENTRY--TOPICAL TERM | |
| Topical term or geographic name entry element | The arts |
| 942 ## - ADDED ENTRY ELEMENTS (KOHA) | |
| Koha item type | BOOK |
| 650 ## - SUBJECT ADDED ENTRY--TOPICAL TERM | |
| Form subdivision | Recreational and performing arts |
| Source of heading or term | Indoor games and amusements |
| Withdrawn status | Lost status | Source of classification or shelving scheme | Damaged status | Not for loan | Home library | Current library | Date acquired | Cost, normal purchase price | Total Checkouts | Full call number | Barcode | Shelving location | Date last seen | Date last checked out | Price effective from | Koha item type |
|---|---|---|---|---|---|---|---|---|---|---|---|---|---|---|---|---|
| Dewey Decimal Classification | SB LIBRARY | SB LIBRARY | 22/11/2021 | 195.00 | 1 | 793.31 VAS-K | 00138920 | GENERAL STACK | 27/09/2025 | 27/09/2025 | 22/11/2021 | BOOK |